| 000 | 00414nam a2200133 a 4500 | ||
|---|---|---|---|
| 001 | ASINB0010EFKCS | ||
| 005 | 20140908170443.0 | ||
| 008 | 140908s1999 xxu eng d | ||
| 100 | 1 | _aLauren, Sickels T. | |
| 245 | 1 | 0 |
_aArchitectural conservation: _cSickels T , Lauren. |
| 260 |
_aUSA : _bASTM, _c1999. |
||
| 300 |
_a245 p. ; _c28 cm. |
||
| 856 | 4 | 0 |
_3Amazon.com _uhttp://www.amazon.com/exec/obidos/ASIN/chopaconline-20 |
| 999 |
_c9451 _d9451 |
||